El manuscrito encontrado en Ciempozuelos : (Record no. 5779)

MARC details
000 -LEADER
campo de control de longitud fija 00827nam a2200229 i 4500
001 - NÚMERO DE CONTROL
campo de control 5779
003 - IDENTIFICADOR DE NÚMERO DE CONTROL
campo de control ES-MaACL
005 - FECHA Y HORA DE LA ÚLTIMA TRANSACCIÓN
campo de control 20230906144703.0
008 - DATOS DE LONGITUD FIJA--INFORMACIÓN GENERAL
campo de control de longitud fija 890529s1989 sp ||||1|dspa d
020 ## - NÚMERO INTERNACIONAL ESTÁNDAR DEL LIBRO
Número Internacional Estándar del Libro 84-7731-023-8
080 ## - NÚMERO DE LA CLASIFICACIÓN DECIMAL UNIVERSAL
Número de la Clasificación Decimal Universal 616.89:929 Rodriguez Carballeira, Aurora
080 ## - NÚMERO DE LA CLASIFICACIÓN DECIMAL UNIVERSAL
Número de la Clasificación Decimal Universal 929 Rodríguez Carballeira, Aurora
100 1# - ENTRADA PRINCIPAL--NOMBRE DE PERSONA
Nombre de persona Rendueles, Guillermo.
9 (RLIN) 96206
245 13 - MENCIÓN DEL TÍTULO
Título El manuscrito encontrado en Ciempozuelos :
Resto del título análisis de la historia clínica de Aurora Rodríguez /
Mención de responsabilidad, etc. Guillermo Rendueles.
260 ## - PUBLICACIÓN, DISTRIBUCIÓN, ETC.
Lugar de publicación, distribución, etc. Madrid :
Nombre del editor, distribuidor, etc. Las Ediciones de la Piqueta :
-- Endymion,
Fecha de publicación, distribución, etc. [1989]
300 ## - DESCRIPCIÓN FÍSICA
Extensión 229 p. ;
Dimensiones 20 cm.
490 1# - MENCIÓN DE SERIE
Mención de serie Genealogía del poder ;
Designación de volumen o secuencia 16
600 14 - PUNTO DE ACCESO ADICIONAL DE MATERIA--NOMBRE DE PERSONA
Nombre de persona Rodríguez Carballeira, Aurora.
9 (RLIN) 139293
830 1# - PUNTO DE ACCESO ADICIONAL DE SERIE-TÍTULO UNIFORME
Título uniforme Genealogía del poder ;
Designación de volumen o secuencia 16
9 (RLIN) 179409
852 4# - LOCALIZACIÓN
Ubicación ES-MaACL
Número de control de estantería L-12941
Holdings
Estatus retirado Estado de pérdida Estado de daño No para préstamo Biblioteca de origen Biblioteca actual Ubicación en estantería Fecha de adquisición Fuente de adquisición Total de préstamos Signatura topográfica completa Código de barras Visto por última vez Precio de reemplazo Tipo de ítem Koha
        Biblioteca del Ateneo de Madrid Biblioteca del Ateneo de Madrid Depósito 2 17/01/2008     L-12941 1005867 23/02/2023 23/02/2023 Libro impreso